Statistics for movie characters

Click here to take the quiz!

General Stats

  • This quiz has been taken 28 times
    (8 since last reset)
  • The average score is 6 of 13

Answer Stats

HintAnswer% Correct
DoryFinding Nemo
88%
GandalfThe Lord of the Rings
88%
Charles XavierX-Men
88%
Flynn RyderTangled
75%
ScarThe Lion King
75%
Wendy DarlingPeter Pan
63%
Dom CobbInception
38%
Clark GriswoldNational Lampoon's Vacation
38%
Ben Wade3:10 to Yuma
25%
John NashA Beautiful Mind
13%
Idgie ThreadgoodeFried Green Tomatoes
13%
Jamal MalikSlumdog Millionare
13%
Chris GardnerThe Pursuit of Happyness
0%

Score Distribution

Percentile by Number Answered

Percent of People with Each Score

Your Score History

You have not taken this quiz since the last reset